00483nam a2200193 a 4500001001300000003000900013005001700022008004100039020002200080082001600102100001800118245003900136260002500175300000800200500003500208505001000243650001800253700001800271nice12345678IN_TiNIC20260116013306.0050524s1994 dela grp 000 0 eng  a8172140 c2500a270.82bMUA aMuana, K Lung aPilgrimage to the Ecumenical World aDelhi bISPCK c1994 a73p aincludes index and biblioraphy2 aIndex aEcumenicalism1 aMuana, K Lung